[Event "21st ch-EUR Indiv 2021"]
[Site "Reykjavik ISL"]
[Date "2021.09.05"]
[Round "11.77"]
[White "Ragnarsson, Heimir Pall"]
[Black "Patt, Zafrir"]
[Result "0-1"]
[WhiteElo "1619"]
[BlackElo "1677"]
[WhiteFideId "2308860"]
[BlackFideId "2840170"]
[EventDate "2021.08.26"]

1. c4 Nf6 2. g3 c5 3. Bg2 Nc6 4. Nc3 e6 5. e4 Be7 6. Nge2 O-O 7. d4 cxd4 8. Nxd4
a6 9. O-O Qc7 10. b3 d6 11. h3 Bd7 12. Be3 Nxd4 13. Qxd4 Bc6 14. Rad1 Rac8 15.
f4 Rfd8 16. f5 Nd7 17. g4 h6 18. Ne2 b5 19. fxe6 fxe6 20. cxb5 axb5 21. Qb2 Bf6
22. Qd2 Nc5 23. Ng3 Qe7 24. Nh5 Nxe4 25. Bxe4 Bxe4 26. Nxf6+ gxf6 27. Qd4 f5 28.
Bxh6 Rc2 29. Rde1 Rg2+ 30. Kh1 Rd2+ 31. Qxe4 fxe4 32. Bxd2 Rc8 33. Rf2 Rf8 34.
Rh2 Qf7 35. h4 Qf3+ 36. Rg2 d5 37. Be3 e5 38. Bc5 Rf4 39. Re3 Qd1+ 40. Kh2 d4
41. Ree2 e3 42. Kg3 Qf1 43. h5 Qf3+ 44. Kh4 Qc6 45. Be7 Rf3 46. Rc2 Qd7 47. Bb4
d3 48. Rc3 d2 49. Rxd2 exd2 0-1

[Event "21st ch-EUR Indiv 2021"]
[Site "Reykjavik ISL"]
[Date "2021.09.05"]
[Round "11.78"]
[White "Omarsson, Adam"]
[Black "Helgadottir, Idunn"]
[Result "1-0"]
[WhiteElo "1546"]
[BlackElo "1243"]
[WhiteFideId "2311453"]
[BlackFideId "2314118"]
[EventDate "2021.08.26"]

1. d4 Nf6 2. c4 e6 3. Nc3 Bb4 4. f3 d5 5. a3 Bxc3+ 6. bxc3 c5 7. cxd5 exd5 8. e3
O-O 9. Bd3 Re8 10. Ne2 Nc6 11. O-O c4 12. Bc2 h5 13. Qe1 Nh7 14. e4 dxe4 15.
fxe4 h4 16. Qf2 Qf6 17. Nf4 Rf8 18. e5 Qd8 19. a4 Ng5 20. Kh1 h3 21. Qh4 f5 22.
Ng6 hxg2+ 23. Kxg2 Qd5+ 24. Kg3 Ne4+ 25. Bxe4 Qxe4 26. Qxe4 1-0

[Event "21st ch-EUR Indiv 2021"]
[Site "Reykjavik ISL"]
[Date "2021.09.05"]
[Round "11.79"]
[White "Kjartansson, Arnar Logi"]
[Black "Moller, Tomas"]
[Result "1-0"]
[WhiteElo "1271"]
[BlackElo "1402"]
[WhiteFideId "2318342"]
[BlackFideId "2315343"]
[EventDate "2021.08.26"]

1. d4 d5 2. c4 c6 3. Nf3 Nf6 4. Nc3 e6 5. cxd5 exd5 6. Bg5 h6 7. Bh4 Bf5 8. e3
Nbd7 9. Bd3 Bxd3 10. Qxd3 Be7 11. O-O O-O 12. Rac1 Re8 13. a3 a5 14. Na4 Rc8 15.
b4 axb4 16. axb4 Ne4 17. Bxe7 Qxe7 18. Nc5 Nexc5 19. bxc5 Qe4 20. Qa3 Ra8 21.
Qb3 Ra7 22. Ra1 Rea8 23. Rxa7 Rxa7 24. Rb1 Qe8 25. Nh4 g6 26. Nf3 Qa8 27. h3 Kg7
28. Nd2 b5 29. e4 Nf6 30. exd5 Nxd5 31. Ne4 Ra3 32. Qd1 Nc3 33. Nxc3 Rxc3 34. d5
cxd5 35. Qd4+ f6 36. Qxc3 Qc6 37. Qb4 g5 38. Qxb5 1-0

[Event "21st ch-EUR Indiv 2021"]
[Site "Reykjavik ISL"]
[Date "2021.09.05"]
[Round "11.80"]
[White "Johannsson, Markus Orri"]
[Black "Gudnyjarson, Sigurdur Pall"]
[Result "1-0"]
[WhiteElo "1117"]
[BlackElo "1207"]
[WhiteFideId "2318539"]
[BlackFideId "2321637"]
[EventDate "2021.08.26"]

1. e4 e6 2. Nf3 d5 3. exd5 exd5 4. d4 Nf6 5. Nc3 c6 6. Bg5 Bf5 7. Bd3 Bxd3 8.
Qxd3 Bd6 9. Qe3+ Qe7 10. Qxe7+ Bxe7 11. O-O h6 12. Bh4 O-O 13. Rfe1 Bd8 14. Re2
Nbd7 15. Rae1 Nh5 16. Bxd8 Raxd8 17. Re7 f6 18. Nh4 Rf7 19. Nf5 Rxe7 20. Rxe7
Kf8 21. g4 g6 22. gxh5 gxf5 23. Rh7 Kg8 24. Rxh6 Kg7 25. Rg6+ Kf7 26. Ne2 Rh8
27. Nf4 Rxh5 28. Nxh5 Kxg6 29. Nf4+ Kf7 30. h4 Nf8 31. Kg2 Nd7 32. Nd3 a5 33. a4
b6 34. Kg3 c5 35. c3 c4 36. Nf4 Kg7 37. Nxd5 Kg6 38. Kf4 1-0

[Event "21st ch-EUR Indiv 2021"]
[Site "Reykjavik ISL"]
[Date "2021.09.05"]
[Round "11.81"]
[White "Omarsson, Josef"]
[Black "Briem, Gudrun Fanney"]
[Result "1-0"]
[WhiteElo "1211"]
[BlackElo "1240"]
[WhiteFideId "2316102"]
[BlackFideId "2317486"]
[EventDate "2021.08.26"]

1. d4 Nf6 2. Bf4 e6 3. e3 d5 4. Nf3 a6 5. Bd3 Bd6 6. Ne5 c5 7. c3 cxd4 8. exd4
O-O 9. Nd2 Nc6 10. h3 Qc7 11. Qe2 Nd7 12. Ndf3 Ndxe5 13. dxe5 Bc5 14. Bxh7+ Kxh7
15. Ng5+ Kg8 16. Qh5 Rd8 17. Qh7+ Kf8 18. Qh8+ Ke7 19. Qxg7 Rf8 20. Nh7 Bd7 21.
Bg5+ Ke8 22. Nf6+ Kd8 23. Nxd5+ 1-0

[Event "21st ch-EUR Indiv 2021"]
[Site "Reykjavik ISL"]
[Date "2021.09.05"]
[Round "11.83"]
[White "Hallmundarson, Birkir"]
[Black "Saemundarson, Saethor Ingi"]
[Result "1-0"]
[WhiteElo "1095"]
[BlackElo "1216"]
[WhiteFideId "2319446"]
[BlackFideId "2319845"]
[EventDate "2021.08.26"]

1. Nf3 d5 2. c4 e6 3. cxd5 exd5 4. e3 Nf6 5. d4 c6 6. Bd3 Bg4 7. O-O Be7 8. Nbd2
O-O 9. Qc2 Nbd7 10. Ne5 Qc7 11. f4 Bh5 12. Ndf3 Bxf3 13. Nxf3 h6 14. Ne5 Rac8
15. Bd2 b6 16. Ba6 Rcd8 17. Qxc6 Qd6 18. Qxd6 Bxd6 19. Rac1 Rb8 20. Rc6 Bxe5 21.
fxe5 Ne4 22. Bb4 Rfe8 23. Rc7 Rbd8 24. Rfc1 Nb8 25. Bb7 a5 26. Be1 Ng5 27. Bh4
Re6 28. Bxg5 hxg5 29. Rc8 Ree8 30. Rxd8 Rxd8 31. Rc8 Rxc8 32. Bxc8 Nc6 33. a3 a4
34. Bd7 Na5 35. Bxa4 Nc4 36. Bb3 Nxb2 37. Bxd5 Nd1 38. Bb3 Nxe3 39. d5 Kf8 40.
d6 b5 41. h3 Nc4 42. Bxc4 bxc4 43. Kf2 f6 44. e6 Ke8 45. a4 1-0